[Event "Aerosvit 2007"]
[Site "Foros RUS"]
[Date "2007.06.22"]
[Round "5"]
[White "GM Jakovenko, Dmitry(RUS)"]
[Black "GM Ivanchuk, Vassily(UKR)"]
[Result "1/2-1/2"]
[WhiteElo "2708"]
[BlackElo "2729"]
[Annotator "Ëåáåäåâ Âàñèëèé"]
[PlyCount "80"]
[EventDate "2007.06.22"]

1. e4 c5 2. Nf3 Nc6 3. d4 cxd4 4. Nxd4 Nf6 5. Nc3 e5 {«×åëÿáèí...» - ñ
òîñêîé ïîäóìàë Âàø îáîçðåâàòåëü, è ðåøèë óâèëüíóòü îò îáçîðà äåáþòíîé ÷àñòè,
ñîñëàâøèñü íà òî, ÷òî äàæå â êíèãå Êàñïàðîâà «Äåáþòíàÿ ðåâîëþöèÿ 70-õ»
îáçîð ýòîé ñèñòåìû ïðîñòèðàåòñÿ îò 38-é äî 78-é  ñòðàíèöû. Óæ êóäà íàì...} 6.
Ndb5 {Ïîýòîìó îãðàíè÷óñü ïàðîé ïàðòèé îáîèõ èãðîêîâ, äàáû ïîêàçàòü, ÷òî
âàðèàíò B33 â èõ áîåâîì àðñåíàëå íå íà âòîðûõ ðîëÿõ.} d6 7. Bg5 a6 8. Na3 b5 9.
Nd5 (9. Bxf6 gxf6 10. Nd5 f5 11. Bd3 Be6 12. O-O Bxd5 13. exd5 Ne7 14. c4 Bg7
15. Qd2 bxc4 16. Nxc4 O-O 17. a4 e4 18. Be2 Ng6 19. f4 exf3 20. Rxf3 f4 21. Kh1
Qc7 22. Raf1 Rae8 23. Bd3 f5 24. g3 Qc5 25. Qf2 Bd4 26. Qg2 Kh8 27. h4 Rg8 28.
Qh3 Ref8 29. gxf4 Qxd5 30. Kh2 Bf6 31. Qxf5 Qxf5 32. Bxf5 Nxh4 33. Be6 Nxf3+
34. Rxf3 Rg7 35. b4 Be5 36. fxe5 Rxf3 37. exd6 Rf2+ 38. Kh1 Rf4 {
(0-1 Najer,E (2606) - Ivanchuk,V (2704)/Istanbul 2003).}) 9... Be7 10. Bxf6
Bxf6 11. c3 O-O (11... Bg5 12. Nc2 Rb8 13. a4 bxa4 14. Ncb4 Nxb4 15. cxb4 O-O
16. Rxa4 Be6 17. Bc4 Qd7 18. b3 Kh8 19. O-O f5 20. exf5 Rxf5 21. Rxa6 e4 22.
Ne3 Bxe3 23. fxe3 Bxc4 24. bxc4 Rxf1+ 25. Qxf1 h6 26. Qf4 Rxb4 27. Ra8+ Kh7 28.
Qxe4+ g6 29. h4 d5 30. Qd4 Rb1+ 31. Kh2 Qc7+ 32. g3 Rb8 33. Rxb8 Qxb8 34. cxd5
Qf8 35. Qf4 Qc5 36. Qf7+ Kh8 37. Qxg6 Qxe3 38. Qf6+ Kh7 39. d6 Qe2+ 40. Kh3 Qd1
41. Qe7+ Kh8 42. Qe5+ Kh7 43. Qf5+ Kh8 44. Qc8+ Kh7 45. Qb7+ Kh8 46. d7 Qf1+
47. Kh2 Qf2+ 48. Qg2 Qf8 49. Qb2+ Kh7 50. Qc2+ Kg7 51. Qc3+ Kg6 52. Qd3+ Kh5
53. Qd1+ {(1-0 Jakovenko,D (2667) - Wang Yue (2626)/Ergun 2006)}) 12. Nc2 Rb8
13. h4 Be7 14. Nce3 Be6 15. Qf3 Qd7 16. Rd1 Bd8 17. Be2 Ne7 18. h5 h6 19. O-O
Qc8 20. Nxe7+ Bxe7 21. b3 $5 $146 {
Âîò è íîâèíêà, ïîðà âïðÿãàòüñÿ â ðàáîòó ïî ïîëíîé.} ({
Â ïîñëåäíåé ïàðòèè õîðîøèõ èãðîêîâ íà ýòó òåìó áåëûå ñûãðàëè «ïîàêòèâíåå»} 
21. Nf5 {È âîò ÷òî èç ýòîãî ïîëó÷èëîñü:} Qc7 22. Bd3 Bg5 $1 23. Bc2 b4 $1 {
È ÷¸ðíûå, ïåðåõâàòèâ èíèöèàòèâó, óâåðåííî äîâåëè äåëî äî ïîáåäíîãî êîíöà:} 24.
Nxd6 Rfd8 25. Nf5 bxc3 26. bxc3 Bxa2 27. Rxd8+ Rxd8 28. Ra1 Be6 29. Rd1 Rxd1+
30. Bxd1 a5 31. Qd3 Qc6 32. Ne3 Bxe3 33. Qxe3 Qc4 34. Qd2 Qa2 35. Qd8+ Kh7 36.
f4 Qb1 37. Kh2 Qxe4 38. fxe5 Qxe5+ 39. Kg1 Qe1+ 40. Kh2 Qe5+ 41. Kh1 Qxc3 42.
Bf3 Qe1+ 43. Kh2 Qe5+ 44. Kh1 a4 45. Qa8 Qe1+ 46. Kh2 Qh4+ 47. Kg1 Qe1+ 48. Kh2
Qe5+ 49. Kh1 Bb3 50. Qa7 f5 51. Qb6 Bf7 52. Qa7 Qe1+ 53. Kh2 Qh4+ 54. Kg1 Qe1+
55. Kh2 Qh4+ 56. Kg1 Bxh5 57. Bxh5 Qe1+ 58. Kh2 Qh4+ 59. Kg1 Qxh5 60. Qxa4 Qg4
61. Qd7 h5 62. Qe6 Qf4 63. Qe8 Qg4 64. Qe6 h4 65. Kh2 Qf4+ 66. Kg1 h3 67. gxh3
Qg3+ 68. Kh1 Qxh3+ 69. Kg1 Qg4+ 70. Kf2 Qd4+ 71. Kf1 Qe4 72. Qf7 Kh6 73. Qf8
Qe5 74. Qh8+ Kg5 75. Qh3 Qf4+ {
(0-1 Karjakin,S (2686) - Yakovich,Y (2600)/Sochi RUS 2007).}) ({Â «ïåðåïèñî÷íîé»
æå ïàðòèè ñîïåðíèêè îñîáî íå íàïðÿãàëèñü, è ñýêîíîìèëè «íà ìàðêàõ»:} 21.
Rd2 Qc7 22. Nd5 Qd7 23. Nxe7+ Qxe7 24. Rfd1 Rb6 25. Qe3 {
(1/2 Krueger,H (2294) - Baumann,R (2371)/Chessfriend.com 2003/MegaCorr4).})
21... Bg5 $5 {Æåðòâà ðàäè íè÷üåé, ïîäòâåðæäàåò íàä¸æíîñòü âñåãî âàðèàíòà.} (
21... Qxc3 $4 22. Nd5 $18) ({À çàùèùàòü ñëàáîñòü} 21... Qc6 {
ñëèøêîì ïàññèâíî. Ê ïðèìåðó:} 22. Rd3 {è ïîñëå} f5 {
áåëûå îêêóïèðóþò ñâîè «çàêîííûå» ïîëÿ â öåíòðå äîñêè:} 23. Nd5 Bxd5 24. Rxd5
fxe4 25. Qxe4 Rf4 (25... Qxc3 $6 26. Bd3 $40) 26. Qd3 {è ò.ä.}) 22. Rxd6 Qxc3
23. Rxa6 Bxe3 ({Ëþáîïûòíî è} 23... Bc8 24. Rd6 Qb2 $5) ({
À âîò ïîïûòêà âûëîâèòü áåëóþ ëàäüþ} 23... Qc5 $5 {íå ïðîõîäèëà} 24. Nd5 $1 {
è äàëåå ïðèìåðíî òàê:} b4 25. Qd3 Ra8 26. Ra4 $5 Rxa4 27. bxa4 Ra8 28. Qb3 Qd4
29. Rd1 Qxe4 30. Bf3 Bxd5 31. Bxe4 Bxb3 32. axb3 $16) 24. Qxe3 ({ß äóìàþ, ÷òî
} 24. fxe3 {íàñòîëüêî ãðóáàÿ ïîçèöèîííàÿ îøèáêà, ÷òî å¸ ïîñëåäñòâèÿ è
ðàññìàòðèâàòü íå ñòîèò}) 24... Qxe3 25. fxe3 Rfc8 26. Ra5 {
Âûçûâàÿ ðàçðÿäêó â ïîçèöèè.} ({Áåññòðàøíàÿ Rybka ñîâåòóåò} 26. Rd1 Rc2 {
çàòåì ñëåäóåò «êðåàòèâ»} 27. Bf3 {... Íó, è ïðåðâ¸ìñÿ...}) 26... Ra8 27. Rxa8
({Áûòü ìîæåò, áîëåå ïåðñïåêòèâíûì ÿâëÿëîñü} 27. Rxb5 $5 {
Ïî êðàéíåé ìåðå, ñîïåðíèêó ïðåäîñòàâëÿëàñü ïîïûòêà îøèáèòüñÿ:} Rxa2 28. Bc4 $1
Bxc4 29. bxc4 {È ïîñëå} Rxc4 $2 {÷¸ðíûõ æä¸ò «íàïðÿã» -} ({ïðàâèëüíî} 29...
f6 $1) 30. Rb8+ Kh7 31. Rxf7 Rc1+ (31... Ra1+ $4 32. Kh2 $18) 32. Rf1 (32. Kh2
Rcc2 $11) 32... Rxf1+ 33. Kxf1 Ra4 34. Ke2 Rxe4 35. Re8 Rh4 (35... Rg4 36. Kf3
Rg5 37. g4 {è ò.ä.}) 36. Rxe5 g5 37. hxg6+ Kxg6 {
è ò.ä. - âñ¸-òàêè ÷¸ðíûå îñòàëèñü áåç ïåøêè}) ({À åñëè} 27. b4 {, òî} Rxa5 28.
bxa5 Ra8 29. Bxb5 Rxa5 30. a4 Bg4 $11 ({åñòåñòâåííî, íå} 30... Bb3 31. Bc6 Bxa4
$4 32. Ra1 $18)) 27... Rxa8 28. Bxb5 Rxa2 29. Rb1 Ra3 30. b4 Kf8 31. Bc6 Rb3 $1
{Òî÷íî ïðîñ÷èòàííàÿ àêöèÿ} 32. Rxb3 Bxb3 33. Bd5 ({Ðàçáåð¸ì è} 33. b5 {
, â îñíîâíîì, ðàäè îäíîé êðàñèâîé ëîâóøå÷êè:} Ba4 34. Kf1 Ke7 35. Ke2 Kd6 36.
Be8 $1 Kc5 $1 ({âîò îíà:} 36... f6 37. Kd3 Kc5 $4 38. b6 $1 $18 {Òî åñòü:}
38...Bc6 39.Bxc6 Kxc6 40.Kc4) 37. b6 Bc6 $1
38. Kd3 Kxb6 39. Bxf7 Kc5 $11) 33... Ba4 34. Kf2 Bb5 35. Bb3 Ke7 36. Bd1 {
Áåëûå ïåøêè íà áåëûõ ïîëÿõ ìåøàþò ñîòâîðèòü ÷òî-ëèáî ðåàëüíîå èç ëèøíåé
ïðîõîäíîé.} Kd6 37. Ke1 Kc7 38. g4 Kb6 39. Kd2 f6 40. Kc3 Bd7 {
Ëèøíÿÿ ïåøêà áåëûõ íå èìååò òóò, ðàçóìååòñÿ, íèêàêîãî çíà÷åíèÿ.} 1/2-1/2

[Event "Aerosvit 2007"]
[Site "Foros"]
[Date "2007.06.22"]
[Round "5"]
[White "GM Sasikiran, Krishnan(IND)"]
[Black "GM Rublevsky, Sergei(RUS)"]
[Result "0-1"]
[WhiteElo "2690"]
[BlackElo "2680"]
[Annotator "Ëåáåäåâ Âàñèëèé"]
[PlyCount "102"]
[EventDate "2007.06.22"]

{Åñòü «ïëîäû ïðîñâåùåíèÿ», à åñòü è «ïëîäû îáùåíèÿ». Òàê âîò: ìû âèäèì,
êàê ïîæèíàåò Ñåðãåé Ðóáëåâñêèé ïëîäû îáùåíèÿ ñ Âëàäèìèðîì Êðàìíèêîì â ïðîøëîì
ãîäó. Îïÿòü ïîáåäèòåëü ñóïåðôèíàëà Ðîññèè-2005 èãðàåò «ñëàâÿíêó». È âíîâü ñ
óñïåõîì!} 1. d4 d5 2. c4 c6 3. Nf3 Nf6 4. Nc3 dxc4 5. a4 Bf5 6. e3 e6 7. Bxc4
Nbd7 8. O-O Bb4 9. Qe2 O-O 10. e4 ({
Â ïåðâîì òóðå íè÷åãî íå äîáèëèñü áåëûå ïîñëå} 10. Rd1 Ne4 11. Nxe4 Bxe4 12.
Bd3 Bxd3 13. Rxd3 c5 14. b3 Qe7 15. Bb2 Nf6 16. Rad1 cxd4 17. Rxd4 Rac8 18. Rc4
Nd5 19. Rdc1 Rxc4 20. Rxc4 Ba3 21. Bd4 f6 22. g3 e5 23. Bb2 Bxb2 24. Qxb2 Rd8
25. Qc2 a5 26. Rc8 g6 27. Nd2 Nb4 28. Qc4+ Kg7 29. Ne4 f5 30. Rxd8 Qxd8 31. Nc5
Qd1+ 32. Qf1 Qd5 33. Qb5 Qd1+ 34. Qf1 Qd5 35. Qb5 Qd1+ {
(1/2 Nisipeanu,L (2693) - Jakovenko,D (2708)/Foros UKR 2007).}) 10... Bg6 11.
Bd3 Bh5 ({Ñåðãåé îäíàæäû òóò «ïîïàë» ïîä ãîðÿ÷óþ ðóêó Ëþêà âàí Âåëè:} 
11... a6 12. Rd1 h6 13. h3 Rc8 14. Bf4 Re8 15. Rac1 Qa5 16. Nd2 b5 17. axb5
cxb5 18. Nb3 Qb6 19. e5 Nd5 20. Nxd5 exd5 21. Rxc8 Rxc8 22. e6 Nf6 23. exf7+
Bxf7 24. Be5 Re8 25. Qc2 Nd7 26. Bg3 Bf8 27. Rc1 Qf6 28. Qc7 Qd8 29. Qb7 Nf6
30. Rc7 Bh5 31. Be5 b4 32. Bxa6 Re7 33. Nc5 Rxc7 34. Qxc7 Qxc7 35. Bxc7 Ne4 36.
Nd3 Bf7 37. Ba5 b3 38. Kf1 Be6 39. f3 Ng3+ 40. Kf2 Nf5 41. Bc3 Kf7 42. Nc5 Bxc5
43. dxc5 d4 44. Ba5 Bd5 45. Bd3 Ne3 46. Ke2 Nc2 47. Kd2 Ne3 48. Bc7 Nxg2 49.
Be5 Nh4 50. Bxd4 Nxf3+ 51. Ke3 Ne1 52. Be2 Nc2+ 53. Kd3 Be6 54. Kc3 {
(1-0 Van Wely,L (2681) - Rublevsky,S (2649)/chessassistantclub.com INT 2004).})
12. e5 Nd5 13. Bd2 (13. Nxd5 cxd5 14. Qe3 Be7 15. Ng5 Bxg5 16. Qxg5 Bg6 17. Be2
Nb8 {(1/2 Gelfand,B (2733) - Miton,K (2653)/Sochi RUS 2007).}) 13... c5 14.
Nxd5 Bxd2 15. Qxd2 Bxf3 16. gxf3 exd5 17. f4 cxd4 $146 {Íîâèíêà, ñâÿçàííàÿ ñ
ïëàíîì, êîòîðûé, ïî-ìîåìó, ïðèêðûâàåò ýòîò âàðèàíò. Íè÷åãî ó áåëûõ òóò íåò.} (
{Êðàñèâî «íàèãðàëè» ñåáå íà ãîëîâó àòàêó ïðîòèâíèêà ÷¸ðíûå â ñëåäóþùåé,
«ïåðåïèñî÷íîé», ïàðòèè:} 17... c4 18. Bc2 Re8 19. Kh1 Qh4 20. Rg1 Rad8 21.
Ra3 Nf8 22. f5 f6 $4 23. Rag3 Kh8 24. Rxg7 Nd7 25. e6 c3 26. bxc3 {
(1-0 Goggiis - ZorMaster/www.playchess.de 2004/MegaCorr4).}) 18. Rfc1 Re8 19.
Bf5 Nf8 {Ñêîðåå íà ñâî¸ «çàêîííîå» ìåñòî -} 20. Ra3 Ne6 {
Ãëàâíîå - ïåøêà g7 òåïåðü ïîä çàùèòîé.} 21. Rg3 Qh4 22. Bxe6 fxe6 23. Qxd4 ({
Áåçîïàñíåå äëÿ áåëûõ áûëî ðàçìåíÿòü ïàðî÷êó ëàäåé:} 23. Rc7 Re7 24. Rxe7 Qxe7
25. Qxd4 Rc8) 23... Re7 24. Rcc3 Rf7 {
Ñëàáîñòü «îáíàðóæåíà», íà÷èíàåòñÿ äàâëåíèå.} 25. Rcf3 b6 ({Ëþáîïûòíî} 25...
Raf8 $5 {, äåëàÿ ñòàâêó íà ñòðåìèòåëüíóþ àòàêó:} 26. Qxa7 Rxf4 27. Qxb7 (27.
Rxf4 Qxf4 28. Qb6 Kh8 $17) 27... g6 28. Rh3 Qg4+ 29. Rhg3 Qf5 30. Rxf4 Qxf4 31.
Qb6 Rf7 $1 32. a5 {Âåä¸ò ê ôàíòàñòè÷åñêîé ïîçèöèè.} ({
ñîâñåì íåñëàäêî áåëûì è ïîñëå} 32. Qxe6 Qxf2+ 33. Kh1 Qe1+ $1 34. Rg1 Qe4+ 35.
Rg2 Kg7 36. Qa6 $8 {è ïîñëå «áëåñòÿùåãî»} Rf3 $3 $19 {
ìîæíî òóøèòü ñâåò èëè ñëèâàòü âîäó, êîìó êàê íðàâèòüñÿ:} 37. Qa7+ ({èëè} 37. b4 d4
38. Qc4 Re3) 37... Kh6 38. Qg1 Re3) 32... d4 33. f3 Qc1+ 34. Kg2 Qc2+ 35. Kh3
d3 36. a6 d2 37. a7 d1=Q 38. a8=Q+ Kg7 $19 {Íåñìîòðÿ íà «ëèøíþþ» ïåøêó,
äâóõ ôåðçåé è î÷åðåäü õîäà, ïîëîæåíèå áåëûõ áåçíàä¸æíî!} {Íàïðèìåð,} 39. Qg1
Qxg1 40. Rxg1 Qf2 41. Qa1 Rf5 42. Rg3 Rh5+ 43. Kg4 Rxh2 44. Qg1 h5+ 45. Kf4
Qd2+ 46. Qe3 Rh4+) {Òåïåðü áåëûå íåìíîãî àêòèâèçèðóþòñÿ.} 26. Qc3 Raf8 27. Qc6
Qe7 ({Òåïåðü æå ïåøêà f4 ÿâíî îòðàâëåíà:} 27... Rxf4 $6 28. Qxe6+ Kh8 29. Qd7
g5 (29... g6 30. Rxg6 $1 hxg6 31. Rh3 $16) 30. Qxd5 Rxf3 31. Rxf3 Qg4+ $1 32.
Rg3 Qxa4 33. e6 {È ÷¸ðíûå áîðþòñÿ çäåñü òîëüêî ëèøü çà íè÷üþ:} Qa1+ 34. Kg2
Qxb2 35. Rf3 Rxf3 36. Kxf3 Qf6+ $1 37. Kg2 Kg7 38. Qd7+ Kf8 {
è çàêîíîìåðíûì èòîãîì ñòàíîâèòñÿ ìèðíîå ñîãëàøåíèå ââèäó âå÷íîãî øàõà:} 39.
Qc8+ Ke7 40. Qd7+ Kf8) 28. Rg4 g6 29. Kg2 Kg7 30. Qc2 Qb4 {
Ïåøêó f4 áåç ñâîåãî «áëàãîñêëîííîãî» âíèìàíèÿ ÷¸ðíûå íàäîëãî íå îñòàâëÿþò.}
31. Rh4 Rf5 32. Rfh3 h5 {
«Òÿæåëî ëè áèòüñÿ ãîëîâîé îá áåòîííóþ ñòåíêó?» ñïðîñèòå ó áåëûõ ëàäåé...}
33. Rg3 Kh7 $1 {Î÷åíü õèòðî ñûãðàíî! Êàê áû «íåòî÷íîñòü», êîòîðîé áåëûå
«ýíåðãè÷íî» ïîëüçóþòñÿ.} 34. Rc3 {
Âåäü ìîæíî âòîðãíóòüñÿ, àêòèâèçèðîâàòüñÿ...} Kh6 $1 ({Ðàçóìååòñÿ, íå} 34...
Rxf4 35. Rxh5+ Kg7 36. Rc7+ R8f7 37. Rxf7+ Rxf7 (37... Kxf7 $4 38. Rh7+) 38.
Rg5 Rf5 ({ñëàáî} 38... Qe4+ $6 39. Qxe4 dxe4 40. Rg4 $14) 39. Qc7+ Kh6 (39...
Rf7 40. Qc2 $1) 40. Rxf5 Qg4+ 41. Kf1 gxf5 42. Qxa7 {
È âîçíèêàåò ôåðçåâûé è, ïî âñåé âèäèìîñòè, íè÷åéíûé ýíäøïèëü.}) 35. Rg3 {
Ïå÷àëüíîå âîçâðàùåíèå.} Qe7 {
Ñòàâèò â ðàçãàð öåéòíîòà ïåðåä ïðîòèâíèêîì äîâîëüíî ñåðü¸çíûå çàäà÷è.} ({
Ïîïðîáóåì ðàçîáðàòüñÿ ñ «ëàäåéíèêîì», âîçíèêàþùåì ïîñëå} 35... Qe4+ $5 36.
Qxe4 dxe4 37. b3 ({÷òîáû âîñïðåïÿòñòâîâàòü òàêîìó âîò âàðèàíòó} 37. Rgg4 $5
Kg7 $5 (37... R5f7) 38. Rg3 Rxf4 39. Rxf4 Rxf4 40. Rc3 e3 $1 {
, ïðîèçâîäÿ îáìåí: ïåøêà å4 íà ïåøêó à4}) 37... Rxf4 38. Rxf4 Rxf4 39. Rc3 Rf3
$1 40. Rc6 ({«ïåøå÷íèê»} 40. Rxf3 exf3+ 41. Kxf3 Kg5 $19 {
áåçíàä¸æåí äëÿ áåëûõ.}) 40... Rxb3 41. Rxe6 Rb2 {áåëàÿ ëàäüÿ, ïî êðàéíåé ìåðå,
çàíèìàþò àêòèâíóþ æèçíåííóþ  ïîçèöèþ. Åñòü øàíñû îòáèòüñÿ...}) 36. Rhh3 ({
Ìàøèííîå} 36. Rgg4 $5 {«ëåãêî» îïðîâåðãàåòñÿ} g5 $1 37. fxg5+ Kg7 38. Rg3 Qf7
$1 39. f4 Rxf4 40. Rxf4 Qxf4 41. Qe2 Rf5 $19) ({Èëè} 36. Kh3 Qe8 $1 {È äàëåå,
âðîäå áû, óäà¸òñÿ äîêàçàòü áåñïî÷âåííîñòü ïðèòÿçàíèé áåëûõ õîòÿ áû íà íè÷üþ.
Ïðàâäà, ÷åì äàëüøå â ëåñ âàðèàíòîâ, òåì âñ¸ áîëåå õèòðûå òðþêè ïðèõîäèòñÿ ïðèìåíÿòü ÷¸ðíûì. Òî
åñòü:} 37. Qc7 Qxa4 38. Qe7 Qe4 39. Rg5 ({èëè} 39. Qxe6 Rxf4 40. Rxf4 Rxf4 $19)
39... Qd3+ 40. Rg3 Qc2 {
Ôåðçü äîëæåí îáÿçàòåëüíî «ðåíòãåíèòü» ñâîþ ïåøêó íà g6.} 41. Qxe6 Rxf4 42.
Rxf4 Rxf4 43. Qg8 Qf5+ 44. Kg2 Rxf2+ 45. Kg1 Rf1+ 46. Kg2 Qf2+ 47. Kh3 Qf7 48.
Qh8+ Qh7 49. Qd8 Qg7 50. Qxd5 Rf2 51. Qe4 (51. Re3 Rxb2) 51... Rxb2 52. Rf3 Qe7
$1 53. e6 ({èëè} 53. Rf6 Qa3+ 54. Rf3 Qb4 55. Qxb4 Rxb4 56. Re3 Kg7 57. e6 Kf8
$19) 53... g5 $5 ({èëè} 53... Qd6 54. Qe3+ Kh7 55. Rf4 Qd5 56. Qe4 Qd2 57. Rf7+
Kh6 58. Qf4+ Qxf4 59. Rxf4 Re2 $19) 54. Qe3 Rc2 $1 55. Rf7 Rc3 $3 56. Qxc3 {
(íå ëó÷øå è âñ¸ îñòàëüíîå)} Qxe6+ 57. Kg2 Qxf7 {
È ìîæíî, íàêîíåö-òî, ïðåðâàòüñÿ - òðè ëèøíèå ïåøêè!}) 36... Qe8 ({Ìîæíî è} 
36... Qg7 $5 {è ïîïûòêà «ïîêîìáèíèðîâàòü»} 37. Qe2 ({â ñëó÷àå} 37. Rh4 Rxf4
38. Rxf4 Rxf4 {áåëûå âûãëÿäÿò ïðîñòî æàëêî}) (37. Qc6 Qf7 $1 {è ò.ä.}) 37...
Rxf4 38. Rxh5+ {âñòðå÷àåò äîñòîéíûé îòïîð -} gxh5 39. Rxg7 Rxf2+ $1 40. Qxf2
Rxf2+ 41. Kxf2 Kxg7 $19 {Ïî êðàéíåé ìåðå, òóò íå ïðèøëîñü áû èãðàòü îêîí÷àíèå
«ôåðçü ñ êó÷åé ïåøåê ïðîòèâ äâóõ ëàäåé ñ íå ìåíüøåé êó÷åé ïåøåê».}) 37.
Rg5 Rxf4 38. Rhg3 Rxf2+ $1 39. Qxf2 Rxf2+ 40. Kxf2 Kh7 41. b3 Qf8+ 42. Rf3 Qb4
43. Kg3 Qe1+ 44. Kh3 Kh6 45. Rgg3 Qxe5 {
Íó âîò è âñ¸ - èíòðèãà èñ÷åðïàíà. Åù¸ ïîñëåäîâàëî:} 46. Rf7 a5 47. Rb7 Qf5+
48. Kg2 Qe4+ 49. Kf2 d4 50. Rxb6 d3 51. Rd6 Qf4+ 0-1